000
00280nam a22000977a 4500
008
170110b xxu0721610838||||| |||| 00| 0 eng d
041
_a
eng
080
_a
618.2
245
_a
PATHOPHYSIOLOGICAL PHENOMENA IN NURSING
_c
CARRIERI, V.K & LINDSEY, A.M & WEST, C.M
942
_2
udc
_c
BK
999
_c
2678
_d
2678